000 00625nam a2200181Ia 4500
008 151018s9999 xx 000 0 und d
082 _bRBASDV8375
_a891.463
100 _aभीमराव कुलकर्णी
245 _aसमशेर बहाद्दर
250 _b1
260 _bराजस प्रकाशन नाशिक
_c1973
300 _a160
600 _aभीमराव कुलकर्णी
630 _aसमशेर बहाद्दर
700 _aभीमराव कुलकर्णी
730 _aसमशेर बहाद्दर
942 _cBOOK
999 _c1010739
_d1010736